| 000 | 004990000a22001690004500 | ||
|---|---|---|---|
| 003 | MACL | ||
| 005 | 20160102134200.0 | ||
| 008 | 160102b xxu||||| |||| 00| 0 eng d | ||
| 040 |
_aMACL _cMACL |
||
| 041 | _aEnglish | ||
| 082 | _a620.2293/FIT | ||
| 100 |
_aFitzgerald, A E _927113 |
||
| 245 |
_aElectric Machinery _bThe Dynamics and statics of Electromechanical Energy Conversion |
||
| 260 |
_bMcGraw Hill Book Company _c1961 _aJapan |
||
| 650 |
_aEngineering _927114 |
||
| 942 |
_cBK _k620.229/FIT _2ddc |
||
| 999 |
_c35832 _d35832 |
||